LEADER 01236nam2-2200409---450- 001 990002691170203316 005 20051201155029.0 010 $a1-84171-710-X 035 $a000269116 035 $aUSA01000269116 035 $a(ALEPH)000269117USA01 035 $a000269116 100 $a20051201d2005----km-y0itay0103----ba 101 $aeng 102 $aGB 105 $aa|||||||001yy 200 1 $a<> : (Appendices)$fAndrew Richardson 210 $aOxford$cJohn and Erica Hedges$d2005 215 $a402, [51] p. di tav., [2] c. di tav. di cui 1 ripieg.$cill.$d30 cm 225 2 $aBAR British series$v391 410 0$12001$aBAR British series$v391 454 1$12001 461 1$1001000269115$12001 606 0 $aScavi archeologici$yKent 606 0 $aCimiteri$yKent$xScavi archeologici 607 $aAnglosassoni$yKent$zAntichitą 676 $a942.2301 700 1$aRICHARDSON,$bAndrew$0592224 801 1$aIT$bsalbc$gISBD 912 $a990002691170203316 951 $aX B Coll. 138/391 II$b183088A L.M.$cX B$d00121770 959 $aBK 969 $aUMA 979 $aVITALE$b90$c20051201$lUSA01$h1549 979 $aVITALE$b90$c20051201$lUSA01$h1550 996 $a(Appendices$91001211 997 $aUNISA LEADER 01375cam2-2200409---450 001 990003255990203316 005 20170918141844.0 010 $a978-88-210-0824-5 035 $a000325599 035 $aUSA01000325599 035 $a(ALEPH)000325599USA01 035 $a000325599 100 $a20090527d2007----km-y0itay50------ba 101 0 $alat 102 $aVA 105 $ay|||z|||001yy 200 1 $aEnee Silvii Piccolominei epistolarium seculare$ecomplectens De duobus amantibus, De naturis equorum, De curialibus miseriis$fpost Rudolf Wolkan iterum recognovit edidit Adrianus van Heck 210 $aCittą del Vaticano$cBiblioteca apostolica Vaticana$d2007 215 $a526 p.$d26 cm 225 2 $aStudi e testi$v439 410 0$1001000113208$12001$aStudi e testi$v, 439 500 11$aEpistolae$939807 676 $a282.092 700 0$aPIUS$c$0177706 702 1$aHECK,$bAdrianus : van 702 1$aWOLKAN,$bRudolf 801 0$aIT$bsalbc$gISBD 912 $a990003255990203316 951 $aX.1. Coll. 6/ 20$b208006 L.M.$cX.1. Coll.$d00225226 959 $aBK 969 $aUMA 979 $aMARTUCCIEL$b90$c20090527$lUSA01$h1117 979 $aMARTUCCIEL$b90$c20090527$lUSA01$h1124 979 $aANNAMARIA$b90$c20091013$lUSA01$h1343 979 $aANNAMARIA$b90$c20091013$lUSA01$h1344 996 $aEpistolae$939807 997 $aUNISA